| 000 | 00606namaa22001931 4500 | ||
|---|---|---|---|
| 001 | 173029 | ||
| 003 | ES-MaACL | ||
| 005 | 20250809070335.0 | ||
| 008 | 091014s1973 fr |||| | fre d | ||
| 080 | _a821.133.1-31"18" | ||
| 100 | 1 |
_aLouys, Pierre. _9139378 |
|
| 245 | 1 | 4 |
_aLes aventures du roi Pausole / _cPierre Louÿs. |
| 260 |
_aParis : _bAlbin Michel, _c[1973] |
||
| 300 |
_a247 p. ; _c17 cm. |
||
| 490 | 1 |
_aLe livre de poche ; _v124 |
|
| 830 | 0 | 3 |
_aLe livre de poche _v124 _9179656 |
| 852 | 4 |
_aES-MaACL _jE-13023 _9R.139394 . - _zBiblioteca Jacinto Martínez Lacalle |
|
| 999 |
_c173029 _d173029 |
||